000 00428nam a22001697a 4500
003 GBCCL
005 20251203141201.0
008 251203b |||||||| |||| 00| 0 eng d
020 _a0842324828
040 _cGBC
082 _a225.52083
_bBIB 1
245 _aThe book : New Testament
260 _aIllinios :
_btyndale house publishers,
_c1976
300 _a351p. ;
650 _aBible
_vNew Testament
942 _2ddc
_cREF
_n0
999 _c11086
_d11086